000 01214nam a22002177a 4500
008 230411s2022 xxk|||||o|||| 00| 0 eng d
041 _aeng
110 _aRoyal Institution of Chartered Surveyors
245 _aRules for the use of the RICS logo and designation by firms
_bversion 6
_h[Electronic resource]
250 _aversion 6
260 _aLondon,
_bRoyal Institution of Chartered Surveyors,
_c2022
300 _a7p.
490 _aRICS Regulation
500 _aVersion 6 with effect from 2 February 2022
520 _aThese Rules are made by the Standards and Regulation Board in accordance with Bye-Law 3.5 and Bye-Law 7.2.1 under powers provided by Regulation 7.2.4.They set out: • who is entitled to use the RICS logo and the RICS regulatory designation for registered firms • the requirements for using the RICS logo and • the use of the chartered surveyor designation by firms
651 _aInternational
690 _96277
_aRICS
710 _aRoyal Institution of Chartered Surveyors
856 _uhttps://www.rics.org/content/dam/ricsglobal/documents/standards/rules-for-the-use-of-the-rics-logo-and-designation-by-firms_feb2022%20(1).pdf
_zAvailable free on RICS.org
942 _n0
999 _c121463
_d121463